Survey on infection disease in cattle at damnak chang aeur district, keb province, (ការអង្កេតលើជំងឺឆ្លង ដែលជួបប្រទះលើគោនៅក្នុងស្រុកដំណាក់ចង្អើរ ខេត្តកែប) (Record no. 2555)
[ view plain ]
| 000 -LEADER | |
|---|---|
| fixed length control field | 00649nam a22001577a 4500 |
| 003 - CONTROL NUMBER IDENTIFIER | |
| control field | OSt |
| 005 - DATE AND TIME OF LATEST TRANSACTION | |
| control field | 20151024095044.0 |
| 008 - FIXED-LENGTH DATA ELEMENTS--GENERAL INFORMATION | |
| fixed length control field | 151024b xxu||||| |||| 00| 0 eng d |
| 040 ## - CATALOGING SOURCE | |
| Transcribing agency | RUA |
| 082 ## - DEWEY DECIMAL CLASSIFICATION NUMBER | |
| Classification number | AVM LEN 2012 B0101 Or.1 |
| 100 ## - MAIN ENTRY--PERSONAL NAME | |
| 9 (RLIN) | 2732 |
| Personal name | LENG VUTHY |
| 245 ## - TITLE STATEMENT | |
| Title | Survey on infection disease in cattle at damnak chang aeur district, keb province, (ការអង្កេតលើជំងឺឆ្លង ដែលជួបប្រទះលើគោនៅក្នុងស្រុកដំណាក់ចង្អើរ ខេត្តកែប) |
| 260 ## - PUBLICATION, DISTRIBUTION, ETC. (IMPRINT) | |
| Place of publication, distribution, etc. | Phnom Penh |
| Name of publisher, distributor, etc. | Rua |
| Date of publication, distribution, etc. | 2012 |
| 300 ## - PHYSICAL DESCRIPTION | |
| Extent | x, 34p. |
| Other physical details | ill. |
| Dimensions | 29cm. |
| 942 ## - ADDED ENTRY ELEMENTS (KOHA) | |
| Source of classification or shelving scheme | |
| Koha item type | AVM |
| Price effective from | Date last seen | Permanent Location | Not for loan | Date acquired | Source of classification or shelving scheme | Koha item type | Lost status | Withdrawn status | Date last checked out | Total Checkouts | Shelving location | Damaged status | Barcode | Current Location | Full call number |
|---|---|---|---|---|---|---|---|---|---|---|---|---|---|---|---|
| 2015-10-24 | 2015-10-24 | Library Block B | 2015-10-24 | AVM | B101 | RUA018118 | Library Block B | AVM LEN 2012 B0101 Or.1 | |||||||
| 2015-10-24 | 2016-10-10 | Library Block B | 2015-10-24 | AVM | 2016-09-13 | 1 | B101 | RUA015293 | Library Block B | AVM LEN 2012 B0101 Or.2 | |||||
| 2015-10-24 | 2015-10-24 | Library Block B | 2015-10-24 | AVM | B101 | RUA016587 | Library Block B | AVM LEN 2012 B0101 Or.3 | |||||||
| 2015-10-24 | 2015-10-24 | Library Block B | 2015-10-24 | AVM | B101 | RUA016646 | Library Block B | AVM LEN 2012 B0101 Or.4 | |||||||
| 2015-10-28 | 2020-08-11 | Library Block B | 2015-10-28 | AVM | 2020-07-10 | 1 | B101 | RUA018255 | Library Block B | AVM LEN 2012 B0101 Or.5 |